000 00730nam a2200241 i 4500
001 63357
003 ES-MaACL
005 20230906164835.0
007 t|
008 031209s1985 sp ||||1| spa d
020 _a84-206-2446-2
100 1 _aFerrater Mora, José.
_950338
245 1 0 _aUnamuno
_b: bosquejo de una filosofía /
_cJosé Ferrater Mora.
250 _aEd. renovada.
260 _aMadrid :
_bAlianza Editorial,
_c1985.
300 _a166 p. ;
_c20 cm.
490 1 _aAlianza universidad ;
_v446
504 _aBibliografía: p. 159-164.
600 1 4 _aUnamuno, Miguel de,
_d1864-1936-
_xFilosofía
_9111985
830 1 _aAlianza universidad ;
_v446
_9177276
852 _aES-MaACL
_jC-2218
999 _c63357
_d63357